Online
Catalog

La ocupación militar estadounidense de 1916 : (Record no. 49364)

MARC details
000 -CABECERA
campo de control de longitud fija 02812nam a2200361 i 4500
003 - IDENTIFICADOR DEL NÚMERO DE CONTROL
campo de control DO-SdBNP
005 - FECHA Y HORA DE LA ÚLTIMA TRANSACCIÓN
campo de control 20240521140628.0
007 - CAMPO FIJO DE DESCRIPCIÓN FÍSICA--INFORMACIÓN GENERAL
campo de control de longitud fija ta
008 - DATOS DE LONGITUD FIJA--INFORMACIÓN GENERAL
campo de control de longitud fija 210215b2019 dr acd|gr|||| 001 edspa d
020 ## - NÚMERO INTERNACIONAL ESTÁNDAR DEL LIBRO
Número Internacional Estándar del Libro 9789945911992
040 ## - FUENTE DE LA CATALOGACIÓN
Centro catalogador/agencia de origen DO-SdBNP
Lengua de catalogación spa
Centro/agencia transcriptor BNPHU
Normas de descripción rda
082 #4 - NÚMERO DE LA CLASIFICACIÓN DECIMAL DEWEY
Número de clasificación 972.93052
Número de documento/Ítem O21m
Número de edición 22
245 03 - MENCIÓN DE TÍTULO
Título La ocupación militar estadounidense de 1916 :
Resto del título ensayos y documentos /
Mención de responsabilidad, etc. Bernardo Vega y Dennis R. Simó, compiladores ; traducción, Milqueya de la Rosa y Liza Marra Nevola, cuidado de la edición Jesús R. Navarro Zerpa.
264 #1 - PRODUCCIÓN, PUBLICACIÓN, DISTRIBUCIÓN, FABRICACIÓN Y COPYRIGHT
Producción, publicación, distribución, fabricación y copyright Santo Domingo :
Nombre del de productor, editor, distribuidor, fabricante Sociedad Dominicana de Bibliófilos,
Fecha de producción, publicación, distribución, fabricación o copyright 2019
300 ## - DESCRIPCIÓN FÍSICA
Extensión 544 páginas :
Otras características físicas ilustraciones, fotografías ;
Dimensiones 22 cm
336 ## - TIPO DE CONTENIDO
Fuente rdacontent
Término de tipo de contenido texto
Código de tipo de contenido txt
337 ## - TIPO DE MEDIO
Fuente rdamedia
Nombre/término del tipo de medio sin mediación
Código del tipo de medio n
338 ## - TIPO DE SOPORTE
Fuente rdacarrier
Nombre/término del tipo de soporte volumen
Código del tipo de soporte nc
490 #1 - MENCIÓN DE SERIE
Mención de serie Academia Dominicana de la Historia ;
Número Internacional Normalizado para Publicaciones Seriadas 151
500 ## - NOTA GENERAL
Nota general Incluye índice
500 ## - NOTA GENERAL
Nota general Incluye referencias bibliográficas y notas al pie de las páginas
504 ## - NOTA DE BIBLIOGRAFÍA, ETC.
Nota de bibliografía, etc. Bibliografía : página 461-477
505 0# - NOTA DE CONTENIDO CON FORMATO
Nota de contenido con formato Presentación /<br/>
Mención de responsabilidad Bernardo Vega --
Título Liminar /
Mención de responsabilidad Dennis R. Simó Torres --
Título En las garras del águila : crímenes de los yanquis en Santo Domingo /
Mención de responsabilidad Horacio Blanco Fombona --
Título A través de Santo Domingo y Haití un viaje con los marines /
Mención de responsabilidad Samuel Guy Inman --
Título Santo Domingo sus condiciones pasadas y presentes /
Mención de responsabilidad Thomas Snowden --
Título Un enfoque integral de la contrainsurgencia : la ocupación militar de los Estados Unidos de la República Dominicana, 1916-1924 /
Mención de responsabilidad Vermon T. Veggeberg --
Título La ocupación militar de la República Dominicana. La política de a nueva a administración /
Mención de responsabilidad Dana G. Munro --
Título Salida de Santo Domingo /
Mención de responsabilidad Dana G. Munro --
Título Soldados del mar problema en Santo Domingo /
Mención de responsabilidad Robert D. Heinl --
Título Informe del general de brigada Barnett sobre Santo Domingo /
Mención de responsabilidad George Barnett --
Título El gobierno civil en Santo Domingo en los primeros tiempos de la ocupación militar /
Mención de responsabilidad Rufus H. Lane -- Exposición que hace el Congreso Regional Nacionalista del Seybo al país y al Gobierno interventor --
Título Bibliografía sobre la ocupación estadounidense de 1916 /
Mención de responsabilidad Frank Moya Pons --
Título Apéndice:
-- Imágenes de la ocupación --
-- Índice onomástico --
-- Publicaciones de la Academia Dominicana de la Historia --
-- Publicaciones de la Sociedad Dominicana de Bibliófilos, Inc.
590 ## - NOTA LOCAL (RLIN)
Nota local Inventariado, 2024 /MF
651 #4 - PUNTO DE ACCESO ADICIONAL DE MATERIA--NOMBRE GEOGRÁFICO
Nombre geográfico República Dominicana
Subdivisión general Historia
Subdivisión cronológica Ocupación estadounidense, 1916-1924
9 (RLIN) 79484
700 1# - PUNTO DE ACCESO ADICIONAL--NOMBRE DE PERSONA
9 (RLIN) 12731
Nombre de persona Vega, Bernardo,
Fechas asociadas al nombre 1938-
Término indicativo de función/relación compilador
700 1# - PUNTO DE ACCESO ADICIONAL--NOMBRE DE PERSONA
9 (RLIN) 31631
Nombre de persona Simó Torres, Dennis R.,
Fechas asociadas al nombre 1943-
Término indicativo de función/relación compilador
700 1# - PUNTO DE ACCESO ADICIONAL--NOMBRE DE PERSONA
Nombre de persona Rosa , Milqueya de la,
Término indicativo de función/relación traductora
9 (RLIN) 77752
700 1# - PUNTO DE ACCESO ADICIONAL--NOMBRE DE PERSONA
Nombre de persona Marra Nevola, Liza
Término indicativo de función/relación traductora
9 (RLIN) 77753
700 1# - PUNTO DE ACCESO ADICIONAL--NOMBRE DE PERSONA
Nombre de persona Navarro Zerpa, Jesús R.,
Término indicativo de función/relación editor
9 (RLIN) 73422
910 ## - DATOS DE OPCIÓN DEL USUARIO (OCLC)
Datos de opción del usuario Validado. Control de calidad MFF
942 ## - ELEMENTOS DE PUNTO DE ACCESO ADICIONAL (KOHA)
Fuente del sistema de clasificación o colocación Dewey Decimal Classification
Tipo de ítem Koha Libro
Holdings
Estado de retiro Estado de pérdida Fuente del sistema de clasificación o colocación Restricciones de uso No para préstamo Código de colección Localización permanente Ubicación/localización actual Ubicación en estantería Fecha de adquisición Fuente de adquisición Signatura topográfica completa Código de barras Fecha visto por última vez Precio válido a partir de Tipo de ítem Koha Número de copia
    Dewey Decimal Classification Excluido de préstamo   Patrimonio Dominicano Biblioteca Nacional Pedro Henríquez Ureña Biblioteca Nacional Pedro Henríquez Ureña Depósito 18.10.2019 Donado por Editora Buhó BNPHU PD 972.93052 O21m 2021-0156 15.02.2021 15.02.2021 Libro  
    Dewey Decimal Classification Excluido de préstamo   Patrimonio Dominicano Biblioteca Nacional Pedro Henríquez Ureña Biblioteca Nacional Pedro Henríquez Ureña Depósito 30.07.2019 Donado por la Academia Dominicana de la Lengua BNPHU PD 972.93052 O21m 2021-0157 15.02.2021 15.02.2021 Libro e.2
    Dewey Decimal Classification Préstamo en sala   Dominicana de Servicio Biblioteca Nacional Pedro Henríquez Ureña Biblioteca Nacional Pedro Henríquez Ureña Depósito 18.10.2018 Donado por Editora Búho BNPHU DS 972.93052 O21m 2021-0158 15.02.2021 15.02.2021 Libro e.3
    Dewey Decimal Classification Préstamo en sala   Dominicana de Servicio Biblioteca Nacional Pedro Henríquez Ureña Biblioteca Nacional Pedro Henríquez Ureña Depósito 18.10.2019 Donado por Editora Búho BNPHU DS 972.93052 021m 2021-0159 15.02.2021 15.02.2021 Libro e.4
    Dewey Decimal Classification Préstamo en sala   Dominicana de Servicio Biblioteca Nacional Pedro Henríquez Ureña Biblioteca Nacional Pedro Henríquez Ureña Depósito 30.07.2020 Donado por la Academia Dominicana de la Lengua BNPHU DS 972.93052 O21m 2021-0160 15.02.2021 15.02.2021 Libro e.5

Powered by Koha